| 000 | 00777nas a2200253 4500 | ||
|---|---|---|---|
| 001 | BR8803375 | ||
| 003 | BR-BrBNA | ||
| 005 | 20231205091152.0 | ||
| 007 | ta | ||
| 008 | 230509b bl.|||p| |||| 00| 00por d | ||
| 040 |
_aBR-BrBNA _bpor _cBiblioteca Nacional de Agricultura |
||
| 041 | _a(Pt) | ||
| 072 | _aL74 | ||
| 100 | 1 | _aLopes, A.C. | |
| 100 | 1 | _aAragao, M.B. | |
| 245 | 1 | _aLesoes produzidas pelo inseticida omethoate em caes | |
| 246 | 1 | _aLesions induced by the insecticide omethoate in dogs | |
| 650 | _aCAO | ||
| 650 | _aINTOXICACAO | ||
| 650 | _aINSETICIDA | ||
| 773 | 0 |
_tArquivos Fluminenses de Medicina Veterinaria (Brazil) _xISSN 0102-7794 _g(Jul-Dec 1986), v. 1(2) p. 43-44 _wBR8803375 |
|
| 909 |
_a202311 _bLúcia _c55 _dLúcia Elande |
||
| 942 |
_2AGRIS _n0 _cANA |
||
| 999 |
_c123291 _d123291 |
||